| 000 | 00616nam a22002051a 4500 | ||
|---|---|---|---|
| 001 | 2026 | ||
| 003 | OSt | ||
| 005 | 20260204211756.0 | ||
| 008 | 040123s2000||||sp ||||||b||||||||||spa|| | ||
| 020 | _a8483163099 | ||
| 050 | _a376 B419e | ||
| 082 | _a376 B419e | ||
| 100 | _aBeltran Llera, Jesús A. | ||
| 245 | _aEducar para el siglo XXI: crecer, pensar y convivir en familia / Jesús A. Beltran LLera y Luz F. Pérez Sánchez | ||
| 264 | _aEspaña : CCS | ||
| 300 | _a259 p. | ||
| 650 | _a1.Educación Mixta 2.Educación del Hogar 3.Educación de Niño | ||
| 700 | _aPérez Sánchez, LuzÌ | ||
| 942 |
_2ddc _cBK |
||
| 999 |
_c2026 _d2026 |
||